000 00524nam a22002057a 4500
003 OSt
005 20140310181742.0
008 130323t xxu||||| |||| 00| 0 eng d
020 _a60345294777
050 _aHM 291
_b.B525 1964
082 _aTR 158
_bBe45 1964
245 _aGames people play /
_cEric Berne.
260 _aNew York :
_bBallantine Books,
_cc1964.
300 _a192 p. ;
_c18 cm.
520 _a1. Transactional analysis
521 _aFaculty
541 _j1
562 _e1
942 _2lcc
_cBK-TR
_kTR
999 _c2826
_d2826